书目信息 |
| 题名: |
獒王
|
|
| 作者: | 酋长有德 著 | |
| 分册: | ||
| 出版信息: | 北京 中国三峡出版社 2009.06 |
|
| 页数: | 274页 | |
| 开本: | 24cm | |
| 丛书名: | ||
| 单 册: | ||
| 中图分类: | I247.57 | |
| 科图分类: | ||
| 主题词: | 长篇小说--中国--现代 , 长篇小说 | |
| 电子资源: | ||
| ISBN: | 978-7-80223-496-3 | |
| 000 | 00676nam0 2200241 450 | |
| 001 | 1138669514 | |
| 005 | 20111213104502.81 | |
| 010 | @a978-7-80223-496-3@dCNY28.00 | |
| 090 | @aI247.57@bqzy | |
| 096 | @aI247.57@bqzy | |
| 100 | @a20090615d2009 em y0chiy50 ea | |
| 101 | 0 | @achi |
| 102 | @aCN@b110000 | |
| 105 | @ay z 000ay | |
| 200 | 1 | @a獒王@b专著@f酋长有德著@9ao wang |
| 210 | @a北京@c中国三峡出版社@d2009.06 | |
| 215 | @a274页@d24cm | |
| 606 | 0 | @a长篇小说@y中国@z现代 |
| 606 | 0 | @a长篇小说 |
| 690 | @aI247.57@v4 | |
| 701 | 0 | @a酋长有德@f(1962~)@4著@9qiu zhang you de |
| 801 | 0 | @aCN@b大连网信软件有限公司图书馆·11@c20111213 |
| 905 | @aZUCC@dI247.57@eQ7752 | |
| 獒王/酋长有德著.-北京:中国三峡出版社,2009.06 |
| 274页;24cm |
| ISBN 978-7-80223-496-3:CNY28.00 |
| ● |
| 相关链接 |
|
|
|
正题名:獒王
索取号:I247.57/Q7752
 
预约/预借
| 序号 | 登录号 | 条形码 | 馆藏地/架位号 | 状态 | 备注 |
| 1 | 826905 | 208269050 | 文学库108/108文学库 51排6列2层/ [索取号:I247.57/Q7752] | 在馆 | |
| 2 | 826906 | 208269069 | 文学库108/108文学库 51排6列2层/ [索取号:I247.57/Q7752] | 在馆 | |
| 3 | 826907 | 208269078 | 文学库108/108文学库 51排6列2层/ [索取号:I247.57/Q7752] | 在馆 |